000
00288nam a22001337a 4500
008
171124b xxu||||| |||| 00| 0 eng d
020
_a
9780323034043
041
_a
eng
080
_a
616.073
100
_a
6
101
_a
RAD
245
_a
BODY CT SECRETS
_c
STRANG,J,G
942
_2
udc
_c
BK
999
_c
38434
_d
38434